000 00559nam a22001817a 4500
003 OSt
005 20250826032808.0
008 250826b |||||||| |||| 00| 0 eng d
020 _a981-247-114-6
040 _aDWCL-Main lib
_cOC
082 _23rd
_aCirc. 004.62 C497 2004
100 _aCISCO SYSTEMS, INC.
245 _aCisco networking academy program CCNA 1 and 2 lab companion/
_cCISCO SYSTEMS, INC.
250 _a 3rd
260 _aIndianapolis, IN :
_bCisco Press,
_cc2004
300 _axvii, 506 p. :
_c27 cm.
942 _2ddc
_cBK-CIRC
_e3rd.
_kCirc.
_n0
999 _c4254
_d4254